[Event "O Pohár mìsta Øíèany 2015 - OPEN A"]
[Site "Øíèany"]
[Date "2015.08.25"]
[Round "5.25"]
[White "Franek, Jan"]
[Black "Zlamana, Anna"]
[Result "1-0"]
[WhiteElo "1914"]
[BlackElo "1692"]
[PlyCount "0"]
[EventDate "2015.08.22"]

1. e4 e5 2. Nf3 Nc6 3. Bb5 a6 4. Ba4 Nf6 5. d4 b5 6. Bb3 exd4 7. Ng5 d5 8. exd5
Nxd5 9. Nxf7 Qe7+ 10. Qe2 Qxe2+ 11. Kxe2 d3+ 12. Kd2 dxc2 13. Bxd5 cxb1=Q
14. Rxb1 Bf5 15. Ra1 Bb4+ 16. Kd1 Nd4 17. Be3 Nc2 18. Rc1 Rc8 19. Rxc2 Bxc2+
20. Kxc2 Rf8 21. Ne5 Bd6 22. Be6 Rd8 23. Nc6 Ra8 24. Re1 Rf6 25. Bd5 Kf8 26. Bd4
Rf4 27. g3 Rf5 28. Ne5 Bxe5 29. Bc5+ Bd6 30. Bxd6+ cxd6 31. Bxa8 Rxf2+ 32. Kb3
Rxh2 33. Rd1 Ke7 34. Bc6 Rh3 35. Re1+ Kf6 36. Re3 h5 37. Bd7 Rh2 38. Re6+ Kf7
39. Rxd6 Ke7 40. Rd3 h4 41. gxh4 Rxh4 42. a3 Rh6 43. Kb4 Rh2 44. b3 Rh8 45. Bc6
Rh6 46. Rd7+ Kf8 47. Bd5 g5 48. Rf7+ Ke8 49. Rg7 Rh4+ 50. Ka5 g4 51. Kxa6 1-0

[Event "O Pohár mìsta Øíèany 2015 - OPEN A"]
[Site "Øíèany"]
[Date "2015.08.25"]
[Round "5.26"]
[White "Tejkal, Jiri"]
[Black "Kunc, Jan"]
[Result "1-0"]
[WhiteElo "1909"]
[BlackElo "1685"]
[PlyCount "0"]
[EventDate "2015.08.22"]

1. d4 d5 2. Nf3 Nf6 3. Bf4 Bf5 4. e3 e6 5. c4 Be7 6. Nc3 c6 7. Qb3 Qb6 8. c5
Qxb3 9. axb3 Nbd7 10. b4 O-O 11. b5 Nh5 12. Bg3 Nxg3 13. hxg3 f6 14. Be2 e5
15. O-O Rfe8 16. b4 Bg4 17. bxc6 bxc6 18. b5 e4 19. bxc6 Nxc5 20. dxc5 exf3
21. gxf3 Be6 22. Nb5 Rec8 23. Nd4 Kf7 24. Ba6 Rc7 25. Bb7 Rb8 26. Nb5 Rcxb7
27. cxb7 Rxb7 28. Nd6+ Bxd6 29. cxd6 Rd7 30. Rfc1 Rxd6 31. Rxa7+ Bd7 32. Rd1 Ke6
33. g4 g6 34. Kg2 h5 35. gxh5 gxh5 36. Kg3 Ke5 37. Rd4 Bf5 38. Re7+ Be6 39. Rh4
Kf5 40. Rxh5+ Kg6 41. Rh4 Bf5 42. Rd4 Be6 43. e4 Bf7 44. f4 Kg7 45. Rxd5 Rxd5
46. exd5 Kf8 47. d6 Bc4 48. Kf3 Bd5+ 49. Ke3 Bc6 50. Kd4 1-0

[Event "O Pohár mìsta Øíèany 2015 - OPEN A"]
[Site "Øíèany"]
[Date "2015.08.25"]
[Round "5.27"]
[White "Kolasin, Jan"]
[Black "Kindl, Frantisek"]
[Result "1-0"]
[WhiteElo "2001"]
[BlackElo "1847"]
[PlyCount "0"]
[EventDate "2015.08.22"]

1. e4 c5 2. Nf3 d6 3. d4 cxd4 4. Nxd4 Nf6 5. Nc3 a6 6. Bg5 e6 7. Qd2 Be7
8. O-O-O O-O 9. f4 h6 10. h4 hxg5 11. hxg5 Nh7 12. g4 Bxg5 13. Rxh7 Bxf4
14. Qxf4 Kxh7 15. g5 Rh8 16. Bc4 Kg8 17. g6 Qe7 18. gxf7+ Kf8 19. Qg3 b5 20. Nf5
exf5 21. Bd5 Ra7 22. exf5 Nd7 23. Ne4 Rh6 24. Rg1 Qe5 25. Qg5 g6 26. Qd8+ Kg7
27. Qg8# 1-0

[Event "O Pohár mìsta Øíèany 2015 - OPEN A"]
[Site "Øíèany"]
[Date "2015.08.25"]
[Round "5.28"]
[White "Hrbek, Stepan"]
[Black "Koper, Stefan"]
[Result "0-1"]
[WhiteElo "1683"]
[BlackElo "1991"]
[PlyCount "0"]
[EventDate "2015.08.22"]

1. d4 g6 2. c4 Bg7 3. Nc3 d6 4. e4 Nc6 5. Be3 e5 6. d5 Nce7 7. Bd3 Nh6 8. h3 f5
9. exf5 Nhxf5 10. Ne4 Nxe3 11. fxe3 Nf5 12. Qf3 O-O 13. g4 Ne7 14. Qg3 c6
15. O-O-O cxd5 16. cxd5 Qb6 17. Nc3 Bd7 18. Rd2 Rac8 19. e4 Qa5 20. Rc2 b5
21. a3 Qb6 22. Rhh2 a5 23. Kd2 b4 24. axb4 axb4 25. Nd1 Rxc2+ 26. Bxc2 Qd4+
27. Ke1 Bb5 28. Rf2 Rxf2 29. Qxf2 g5 30. Nf3 Qxf2+ 31. Nxf2 h6 32. Bd3 Bd7
33. Bc4 Ng6 34. Nd3 Nf4 35. Ng1 Nxd3+ 36. Bxd3 Bf6 37. b3 Kf7 38. Ne2 h5
39. gxh5 Bxh3 40. Ng3 Bd7 41. Be2 Bd8 42. Kd2 Kf6 43. Kd3 g4 44. Kd2 Kg5 45. Ke1
Bb6 46. Kf1 Be3 47. Kg2 Bf4 48. Ba6 Kh4 49. h6 Bxh6 50. Bd3 Bf4 51. Nf1 g3
52. Be2 Bh3+ 53. Kg1 g2 54. Nh2 Be3# 0-1

[Event "O Pohár mìsta Øíèany 2015 - OPEN A"]
[Site "Øíèany"]
[Date "2015.08.25"]
[Round "5.29"]
[White "Halla, Jiri"]
[Black "Petrun, Milan"]
[Result "0-1"]
[WhiteElo "1839"]
[BlackElo "1991"]
[PlyCount "0"]
[EventDate "2015.08.22"]

1. e4 c5 2. Nc3 Nc6 3. f4 g6 4. Nf3 Bg7 5. Bb5 d6 6. d3 Nh6 7. h3 O-O 8. Bxc6
bxc6 9. Be3 Rb8 10. Qd2 f5 11. Rb1 Qa5 12. e5 Nf7 13. exd6 exd6 14. O-O Re8
15. d4 Ba6 16. Rfd1 c4 17. Bf2 Bc8 18. Re1 Bd7 19. Rxe8+ Bxe8 20. Be1 Bd7 21. a3
Re8 22. Kf1 Qc7 23. Bf2 Bf6 24. Re1 Rb8 25. Nd1 d5 26. c3 Nd6 27. Ne5 Ne4
28. Qe3 Be8 29. Kg1 c5 30. Re2 Ba4 31. Qc1 Bxd1 32. Qxd1 Bxe5 33. fxe5 Kf7
34. Be3 Ke6 35. Qe1 cxd4 36. Bxd4 g5 37. Kh2 f4 38. Rc2 h5 39. Qd1 Qh7 40. Kg1
Rg8 0-1

[Event "O Pohár mìsta Øíèany 2015 - OPEN A"]
[Site "Øíèany"]
[Date "2015.08.25"]
[Round "5.30"]
[White "Dlouhy, Ondrej"]
[Black "Korsa, Jiri"]
[Result "1-0"]
[WhiteElo "1984"]
[BlackElo "1844"]
[PlyCount "0"]
[EventDate "2015.08.22"]

1. e4 e5 2. Nf3 Nc6 3. Bb5 f5 4. Bxc6 dxc6 5. exf5 e4 6. Ne5 Nf6 7. O-O Qd4
8. Ng4 Bxf5 9. Nxf6+ Qxf6 10. Nc3 O-O-O 11. Qe2 Qg6 12. Re1 Re8 13. Qe3 Bd6
14. b4 Qh5 15. h3 g5 16. b5 b6 17. bxc6 Bf4 18. Qe2 g4 19. Nd5 Qg5 20. Nxf4 Qxf4
21. d4 Qd6 22. Qa6+ Kd8 23. Bg5+ Re7 24. hxg4 Bg6 25. Bxe7+ Kxe7 26. Qc4 h5
27. Rab1 hxg4 28. Qb4 Qxb4 29. Rxb4 Kd6 30. Rb5 g3 31. fxg3 Re8 32. Rg5 Bf7
33. d5 Bxd5 34. Rd1 Re5 35. Rxe5 Kxe5 36. Kf2 Bxc6 37. Ke3 Bd5 38. a3 b5 39. g4
a5 40. g5 c6 41. Rf1 b4 42. axb4 axb4 43. g6 c5 44. Rf8 c4 45. g7 b3 46. cxb3
1-0

[Event "O Pohár mìsta Øíèany 2015 - OPEN A"]
[Site "Øíèany"]
[Date "2015.08.25"]
[Round "5.31"]
[White "Vlkova, Anezka"]
[Black "Kovar, Jan"]
[Result "1/2-1/2"]
[WhiteElo "1564"]
[BlackElo "1930"]
[PlyCount "0"]
[EventDate "2015.08.22"]

1. e4 e6 2. d4 d5 3. Nc3 Nf6 4. e5 Nfd7 5. f4 c5 6. Be3 Nc6 7. Nf3 cxd4 8. Nxd4
Bc5 9. Ncb5 O-O 10. Nxc6 bxc6 11. Bxc5 cxb5 12. Bxf8 Qxf8 13. c3 b4 14. Qd4 bxc3
15. Qxc3 Bb7 16. Bd3 Rc8 17. Qd4 Nc5 18. O-O Nxd3 19. Qxd3 Qc5+ 20. Kh1 Qc6
21. Qd2 g6 22. Rac1 Qb6 23. Rxc8+ Bxc8 24. Rd1 Ba6 25. Qd4 Qc7 26. h3 Qc2
27. Re1 Bd3 28. Qe3 Be4 29. Qe2 Qa4 30. a3 h5 31. Rc1 Qd4 32. b4 Bf5 33. Qf3 h4
34. Rf1 Be4 35. Qf2 Qd3 36. Kh2 Qxa3 37. Qxh4 Qb2 38. Rg1 d4 39. Qd8+ 1/2-1/2

[Event "O Pohár mìsta Øíèany 2015 - OPEN A"]
[Site "Øíèany"]
[Date "2015.08.25"]
[Round "5.32"]
[White "Hadrava, Jaroslav"]
[Black "Helebrand, Frantisek"]
[Result "1-0"]
[WhiteElo "1927"]
[BlackElo "1841"]
[PlyCount "0"]
[EventDate "2015.08.22"]

1. e4 e6 2. d4 d5 3. Nc3 Bb4 4. e5 c5 5. Qg4 Ne7 6. dxc5 Bxc3+ 7. bxc3 Qc7
8. Nf3 Qxc5 9. Bd2 Ng6 10. Bd3 Nc6 11. O-O Bd7 12. Rab1 b6 13. h4 O-O-O 14. h5
Nge7 15. Be3 Qxc3 16. Rb3 Qa5 17. Rfb1 d4 18. Bd2 Nxe5 19. Qxd4 Nxf3+ 20. gxf3
Qd5 21. Ba6+ Kb8 22. Rxb6+ axb6 23. Qxb6+ 1-0

[Event "O Pohár mìsta Øíèany 2015 - OPEN A"]
[Site "Øíèany"]
[Date "2015.08.25"]
[Round "5.33"]
[White "Vavrinec, Tomas"]
[Black "Havelka, Petr"]
[Result "0-1"]
[WhiteElo "1918"]
[BlackElo "1817"]
[PlyCount "0"]
[EventDate "2015.08.22"]

1. c4 Nf6 2. Nc3 e6 3. e4 d5 4. e5 Ne4 5. Qg4 Nxc3 6. bxc3 c5 7. Nf3 Nc6 8. Bd3
Qc7 9. Qg3 b6 10. O-O Ba6 11. Qf4 f5 12. Re1 O-O-O 13. Ng5 Re8 14. Nxe6 Rxe6
15. Bxf5 Qd7 16. Qg4 Nd8 17. d4 g6 18. Bxe6 Nxe6 19. cxd5 Qxd5 20. Be3 c4 21. a4
Kc7 22. Reb1 Be7 23. f3 Rg8 24. Qe4 Bb7 25. Qxd5 Bxd5 26. a5 Rb8 27. axb6+ axb6
28. Ra7+ Rb7 29. Rxb7+ Kxb7 30. Kf2 Bh4+ 31. g3 Be7 32. Bh6 Bg5 33. Bxg5 Nxg5
34. Ke3 Nxf3 35. h4 h5 36. Rb2 g5 37. e6 g4 38. e7 Bc6 39. d5 Bd7 40. Kf4 Kc7
41. Re2 Be8 42. Re6 b5 43. Kf5 b4 44. Rc6+ Kd7 45. Rxc4 bxc3 46. Rxc3 Kxe7
47. Re3+ Kf7 48. Ke4 Kf6 49. Ra3 Bg6+ 50. Kf4 Bf7 51. Ra6+ Ke7 52. Ra7+ Ke8
53. d6 Bg6 54. Rg7 Bd3 55. Re7+ Kd8 56. Ke3 Bc2 57. Rc7 Bg6 58. Rg7 Bc2 59. Rg8+
Kd7 60. Rh8 Bg6 61. Rh6 Be8 62. Ke4 Nd2+ 63. Kd4 Nf3+ 64. Kc5 Kd8 65. Rh7 Ne5
66. Kd5 Nd7 67. Rh8 Nf6+ 68. Ke6 Nd7 69. Rh7 Nf8+ 0-1

[Event "O Pohár mìsta Øíèany 2015 - OPEN A"]
[Site "Øíèany"]
[Date "2015.08.25"]
[Round "5.34"]
[White "Stork, Rostislav"]
[Black "Paulovic, Milan"]
[Result "1/2-1/2"]
[WhiteElo "1812"]
[BlackElo "1871"]
[PlyCount "0"]
[EventDate "2015.08.22"]

1. e4 c5 2. f4 d5 3. exd5 Nf6 4. Bb5+ Bd7 5. Bxd7+ Qxd7 6. c4 e6 7. dxe6 Qxe6+
8. Qe2 Nc6 9. Qxe6+ fxe6 10. Nc3 Nb4 11. Kf2 Bd6 1/2-1/2

[Event "O Pohár mìsta Øíèany 2015 - OPEN A"]
[Site "Øíèany"]
[Date "2015.08.25"]
[Round "5.35"]
[White "Picek, Miroslav"]
[Black "Nemcova, Kamila"]
[Result "1-0"]
[WhiteElo "1966"]
[BlackElo "1731"]
[PlyCount "0"]
[EventDate "2015.08.22"]

1. c4 c6 2. d4 d5 3. cxd5 cxd5 4. Nf3 Nf6 5. Nc3 Nc6 6. Bg5 h6 7. Bxf6 gxf6
8. Qb3 e6 9. e3 b6 10. Rc1 Bb7 11. Bb5 a6 12. Be2 Na5 13. Qd1 b5 14. O-O Rc8
15. Ne1 Rc7 16. Nd3 Qc8 17. Nb1 Bd6 18. Qe1 Nc4 19. b3 Nb6 20. Qa5 Nd7 21. b4
Rc6 22. Rxc6 Qxc6 23. Rc1 Qb6 24. Qa3 Ke7 25. Nd2 e5 26. Nc5 Rg8 27. Nf3 Bc8
28. e4 dxe4 29. Nxe4 Bb8 30. Nc5 Bb7 31. Qe3 Bd5 32. a3 Bd6 33. Nh4 Kd8 34. Nxd7
Kxd7 35. dxe5 Qxe3 36. fxe3 fxe5 37. Rd1 Ke6 38. h3 Be4 39. Bf3 Bxf3 40. Nxf3 f5
41. Rc1 Kd7 42. Kf2 Rc8 43. Rxc8 Kxc8 44. Nh4 f4 45. Nf5 Bf8 46. exf4 Kd7
47. fxe5 Ke6 48. Nh4 Bg7 49. Nf3 Bh8 50. Ke3 Kd5 51. Kd3 Bg7 52. g4 Bh8 53. h4
Bg7 54. h5 Bh8 55. Ke3 Bxe5 56. Nxe5 Kxe5 57. Kf3 Ke6 58. Ke4 Kf6 59. Kf4 1-0

[Event "O Pohár mìsta Øíèany 2015 - OPEN A"]
[Site "Øíèany"]
[Date "2015.08.25"]
[Round "5.36"]
[White "Vorisek, Jakub"]
[Black "Tvrdy, Jindrich"]
[Result "0-1"]
[WhiteElo "1692"]
[BlackElo "1885"]
[PlyCount "0"]
[EventDate "2015.08.22"]

1. c4 e5 2. Nc3 Nc6 3. g3 g6 4. Bg2 Bg7 5. e3 d6 6. Nge2 Be6 7. b3 Qd7 8. O-O
Bh3 9. Bb2 h5 10. f3 Bxg2 11. Kxg2 h4 12. g4 Nge7 13. h3 d5 14. d4 O-O 15. c5 f5
16. a3 e4 17. Ng1 exf3+ 18. Qxf3 fxg4 19. Qxg4 Nf5 20. Rae1 Bh6 21. Bc1 Na5
22. b4 Nb3 23. Qd1 Nxc1 24. Qxc1 Nxd4 0-1

[Event "O Pohár mìsta Øíèany 2015 - OPEN A"]
[Site "Øíèany"]
[Date "2015.08.25"]
[Round "5.37"]
[White "Novotny, Petr"]
[Black "Otruba, Marek"]
[Result "0-1"]
[WhiteElo "1826"]
[BlackElo "1629"]
[PlyCount "0"]
[EventDate "2015.08.22"]

1. e4 e6 2. d4 d5 3. Nd2 Nf6 4. e5 Nfd7 5. Bd3 c5 6. c3 Nc6 7. Ne2 Qb6 8. Nf3
cxd4 9. cxd4 f6 10. exf6 Nxf6 11. O-O Bd6 12. a3 a5 13. Qc2 Bd7 14. Be3 Rc8
15. Qd2 O-O 16. Rac1 Ng4 17. h3 Rxf3 18. hxg4 Rf7 19. g3 Qd8 20. g5 e5 21. g6
Rf8 22. gxh7+ Kh8 23. Kg2 e4 24. Bb1 Bg4 25. Ng1 Qf6 26. Ba2 Qf5 27. Bf4 Bxf4
28. Qxf4 0-1

[Event "O Pohár mìsta Øíèany 2015 - OPEN A"]
[Site "Øíèany"]
[Date "2015.08.25"]
[Round "5.38"]
[White "Civin, Dominik"]
[Black "Chajda, Patrik"]
[Result "1/2-1/2"]
[WhiteElo "1793"]
[BlackElo "1647"]
[PlyCount "0"]
[EventDate "2015.08.22"]

1. c4 Nf6 2. Nc3 g6 3. g3 Bg7 4. Bg2 O-O 5. d3 c6 6. e4 e5 7. Nge2 Na6 8. O-O
Nc7 9. f4 d6 10. h3 Nd7 11. f5 Nb6 12. g4 d5 13. b3 a5 14. a4 dxc4 15. dxc4 Qxd1
16. Rxd1 Na6 17. Be3 Nd7 18. Rd6 Re8 19. Rad1 Nac5 20. Nc1 Bf8 21. R6d2 Nb6
22. Kh2 Bd7 23. Nd3 Nxb3 24. Bxb6 Nxd2 25. Rxd2 Bb4 26. Nxb4 axb4 27. Ne2 Bc8
28. a5 Re7 29. Nc1 Rd7 30. Rxd7 Bxd7 31. c5 f6 32. Bf1 Be8 33. Bc4+ Bf7
34. Bxf7+ Kxf7 35. Nb3 Re8 36. Bc7 1/2-1/2

[Event "O Pohár mìsta Øíèany 2015 - OPEN A"]
[Site "Øíèany"]
[Date "2015.08.25"]
[Round "5.39"]
[White "Havlicek, Pavel"]
[Black "Sedivy, Ondrej"]
[Result "1/2-1/2"]
[WhiteElo "1673"]
[BlackElo "1791"]
[PlyCount "0"]
[EventDate "2015.08.22"]

1. b4 e5 2. Bb2 d6 3. e3 Nf6 4. c4 g6 5. Nf3 Bg7 6. Be2 O-O 7. O-O Nbd7 8. Nc3
Ne8 9. Ne1 f5 10. f4 Nef6 11. Nf3 Re8 12. Qb3 Kh8 13. Ng5 Re7 14. c5 Qe8 15. Bc4
h6 16. Nf7+ Kh7 17. cxd6 cxd6 18. Nxd6 Qd8 19. Nf7 Qc7 20. Nb5 Qc6 21. Nbd6 Ne4
22. Nxe4 fxe4 23. Bd5 Qb6 24. fxe5 Nf8 25. Bd4 Qb5 26. Bc4 Qd7 27. Bd5 Qg4
28. Rf4 Qh5 29. Bxe4 Be6 30. Bd5 g5 31. Rf2 Bxd5 32. Qxd5 Ne6 33. Raf1 Rf8
34. Qf3 Qg6 35. Qf5 Rfxf7 36. Qxf7 Rxf7 37. Rxf7 Qe4 38. Bxa7 Qxb4 39. d4 Qb5
40. h3 Kg8 41. Rc7 Qd5 42. Kh2 b5 43. Rc8+ Kh7 44. a3 Qd7 45. Ra8 Qb7 46. Re8
1/2-1/2

[Event "O Pohár mìsta Øíèany 2015 - OPEN A"]
[Site "Øíèany"]
[Date "2015.08.25"]
[Round "5.40"]
[White "Chromovsky, Hynek"]
[Black "Palla, Ivan"]
[Result "1/2-1/2"]
[WhiteElo "1768"]
[BlackElo "1556"]
[PlyCount "0"]
[EventDate "2015.08.22"]

1. e4 c6 2. d4 c5 3. Nf3 cxd4 4. Nxd4 Nc6 5. Be3 e6 6. Be2 Nf6 7. Nxc6 bxc6
8. f3 Be7 9. O-O O-O 10. c4 d5 11. e5 Nd7 12. f4 Bc5 13. Bxc5 Nxc5 14. Nc3 Qb6
15. Qd4 Nd7 16. Qxb6 axb6 17. cxd5 exd5 18. Rfc1 Bb7 19. Bf3 Rfe8 20. a3 Nc5
21. Rd1 g5 22. Rac1 gxf4 23. b4 Nb3 1/2-1/2

[Event "O Pohár mìsta Øíèany 2015 - OPEN A"]
[Site "Øíèany"]
[Date "2015.08.25"]
[Round "5.41"]
[White "Macho, Miloslav"]
[Black "Sadil, Jan"]
[Result "0-1"]
[WhiteElo "1922"]
[BlackElo "1734"]
[PlyCount "0"]
[EventDate "2015.08.22"]

1. e4 e5 2. Nf3 Nc6 3. c3 Nf6 4. d4 exd4 5. e5 Nd5 6. Qb3 Nb6 7. cxd4 d5 8. h3
Bb4+ 9. Bd2 Bxd2+ 10. Nbxd2 O-O 11. Bd3 Qe7 12. O-O f6 13. Rae1 fxe5 14. dxe5
Bf5 15. Bxf5 Rxf5 16. Qc2 g6 17. Re3 Nxe5 18. Nd4 Rf4 19. Rfe1 Qf6 20. N2b3 Nbc4
21. R3e2 Rf8 22. Rf1 c6 23. Qc3 Nd6 24. Nc5 Rxd4 25. Rxe5 Qxe5 26. Nd7 Qf4
27. g3 Qf5 28. Nxf8 Nb5 29. Qb3 Qxf8 30. a4 Nd6 31. Qc2 Ne4 32. a5 Rd2 0-1

[Event "O Pohár mìsta Øíèany 2015 - OPEN A"]
[Site "Øíèany"]
[Date "2015.08.25"]
[Round "5.42"]
[White "Hlavacek, Ondrej"]
[Black "Barton, Milan"]
[Result "0-1"]
[WhiteElo "1668"]
[BlackElo "1750"]
[PlyCount "0"]
[EventDate "2015.08.22"]

1. d4 d5 2. c4 e6 3. Nc3 Nf6 4. Bg5 c6 5. e3 Bd6 6. Bd3 O-O 7. Qc2 h6 8. Bh4
Na6 9. a3 Nc7 10. Nge2 Be7 11. O-O Re8 12. f3 Na6 13. Rad1 b6 14. e4 Bb7 15. e5
Nd7 16. Bxe7 Qxe7 17. Kh1 {dale necitelne} 17... c5 0-1

[Event "O Pohár mìsta Øíèany 2015 - OPEN A"]
[Site "Øíèany"]
[Date "2015.08.25"]
[Round "5.43"]
[White "Skvaril, Michal"]
[Black "Pivonka, Michael"]
[Result "0-1"]
[WhiteElo "1785"]
[BlackElo "1800"]
[PlyCount "0"]
[EventDate "2015.08.22"]

1. b3 d5 2. Bb2 e6 3. Nf3 Nf6 4. e3 Be7 5. Be2 O-O 6. O-O c5 7. c4 Nc6 8. d4 b6
9. Nbd2 Bb7 10. dxc5 bxc5 11. Rc1 Qb6 12. Qc2 Rac8 13. a3 d4 14. exd4 Nxd4
15. Nxd4 cxd4 16. Bf3 e5 17. Rfe1 Bd6 18. Qd3 Rfe8 19. Rc2 Bxf3 20. Qxf3 Qc6
21. Qd3 a5 22. f3 Bc5 23. Kh1 Re6 24. Ne4 Nxe4 25. fxe4 Rg6 26. Rf2 Rf8 27. Ref1
Qe6 28. a4 Qe7 29. Rf3 Bb4 30. Rg3 Rg5 31. Rxg5 Qxg5 32. h3 Qh4 33. Bc1 g6
34. g4 f5 {dale necitelne} 0-1